000 00527nam a2200193Ia 4500
005 20250508163739.0
008 008 250505s9999 xx 000 0 eng d
020 _a81-7341-042-9
037 _aTextual
040 _aFEDL
_beng
_cFEDL
041 _aeng
_2eng
084 _a374, NAY
_qFEDL
100 _aNayak A K
245 0 _aLifelong and continuing education
260 _aDelhi, India
_bIndian Publishers , Distributors
_c1997
300 _a280p
942 _cTEXL
_h374, NAY
999 _c1385045
_d1385045